Nové smery v spracovaní signálov VI vedecká konferencia s medzinárodnou účasťou, 24.-26. 4. 2002 Tatranské Zruby Kniha 1

Bibliographic Details
Corporate Author: Nové smery v spracovaní signálov Tatranské Zruby, Slovensko (Author)
Other Authors: Puttera, Jozef, 1961- (Compiler)
Format: Conference Proceeding Book
Language:Slovak
English
Czech
PhysicalDescription:164 s. grafy, sch., tab. 21 cm
Published: V Liptovskom Mikuláši Vojenská akadémia, 2002
ISBN:8080401802
Edition:[1. vyd.]
Subjects:

MARC

LEADER 00000cam a2200000 a 4500
001 vtls001460654
003 SK-MaSNL
005 20260301121600.0
008 160208s2002 xo a f n 10000 slo
015 |a SNBA2003/11-04215 
020 |a 8080401802 
035 |a SNK000415961 
035 |a urn:nbn:sk:snk-amkolh 
035 |a urn:nbn:sk:snk-am005fdr 
035 |a F3FED333-9046-43E1-BD3D-828B82390416 
040 |a SNK  |b slo  |c SNK  |e AACR2 
041 0 |a slo  |a eng  |a cze  |b eng 
044 |a xo  |c SK 
080 |a 621.391.8  |2 1981 
080 |a (063)  |2 1981 
111 2 |a Nové smery v spracovaní signálov  |n (6. :  |d 2002 :  |c Tatranské Zruby, Slovensko)  |4 aut  |9 162689 
245 0 0 |a Nové smery v spracovaní signálov VI  |b vedecká konferencia s medzinárodnou účasťou, 24.-26. 4. 2002 Tatranské Zruby  |n Kniha 1  |c [zostavovateľ: Jozef Puttera] 
250 |a [1. vyd.] 
260 |a V Liptovskom Mikuláši  |b Vojenská akadémia,  |c 2002 
300 |a 164 s.  |b grafy, sch., tab.  |c 21 cm 
366 |e 100 výtl. 
504 |a Bibliogr. odkazy 
546 |a Text čiastočne anglicky a česky. Res. angl. 
650 0 7 |a signály  |2 SNKPH  |9 3970 
650 0 7 |a spracovanie signálov  |2 SNKPH  |9 3973 
655 7 |a zborníky konferencií  |2 SNKPH  |9 70153 
700 1 |a Puttera, Jozef,  |d 1961-  |4 com  |9 49016 
752 |a Slovensko  |d Liptovský Mikuláš 
919 |a 80-8040-180-2 
958 |a NB 
958 |a OND 
968 |d 62 
999 |c 729949  |d 731879 
952 |t P60, <03>, [BOOK], {603}  |a SNK  |b SNK  |y PREZ  |7 0  |p 17A0396870  |o snkSC 113190/1  |i snkKSP 12627/2003  |0 0  |1 0  |4 0  |d 2003-09-30  |f 1  |l 0  |r 2025-10-02 00:00:00  |w 2026-02-23 
952 |t P60, <04>, [BOOK], {604}  |a SNK  |b SNK  |y VYP  |7 0  |p 17A0396871  |o snkSC 113190/1 D1  |i snkKSP 12628/2003  |0 0  |1 0  |4 0  |d 2003-09-30  |l 0  |r 2005-01-02 00:00:00  |w 2026-02-23